000 00652nam a22002297a 4500
003 BD-DhJNU
005 20251012034138.0
008 251012b |||||||| |||| 00| 0 eng d
020 _a9789352533008
040 _aBD-DhJNU
_bENG
_cBD-DhJNU
_dBD-DhJNU
082 _223
_a580 VAB
100 _aVashishta, B. R.
245 _aBotany for degree students :
_bfungi /
_cB. R. Vashishta, A.K. Sinha and Anil Kumar
260 _aNew Delhi :
_bS. Chand,
_c2016.
300 _axvi, 782p. :
_bill. ;
_c24 cm.
504 _aIncludes Index
650 _aBotany
650 _aFungi
700 _aSinha, A.K.
700 _aKumar, Anil
942 _2ddc
_cBK
_n0
999 _c2233
_d2233